Statystyki dla Wypisz nazwy państw, które zawierają literę "O" w nazwie

Kliknij tutaj aby rozwiązać quiz!

Ogólne statystyki

  • Ten quiz został rozwiązany 430 razy
    (355 od ostatniego zresetowania)
  • Średni wynik to 42 z 69

Statystyki odpowiedzi

Lp.Państwo z literą "O" w nazwie% Poprawnych
46Polska
96%
51Rosja
89%
48Portugalia
86%
44Oman
82%
42Norwegia
80%
11Demokratyczna Republika Konga
79%
22Japonia
79%
28Korea Południowa
79%
29Korea Północna
78%
34Łotwa
75%
56Słowacja
74%
1Andora
73%
6Bośnia i Hercegowina
73%
27Kongo
73%
43Nowa Zelandia
73%
15Estonia
72%
59Stany Zjednoczone
72%
19Holandia
71%
25Kolumbia
71%
39Monako
71%
57Słowenia
71%
36Maroko
70%
47Południowa Afryka
70%
65Włochy
69%
5Boliwia
68%
12Dominika
68%
21Indonezja
68%
40Mongolia
68%
10Czarnogóra
67%
13Dominikana
67%
4Białoruś
66%
9Chorwacja
65%
2Angola
64%
30Kosowo
64%
35Macedonia Północna
63%
38Mołdawia
63%
69Zjednoczone Emiraty Arabskie
61%
20Honduras
60%
62Togo
57%
16Etiopia
56%
23Jordania
56%
54San Marino
56%
67Wyspy Salomona
56%
7Botswana
55%
31Kostaryka
55%
45Papua-Nowa Gwinea
55%
50Republika Zielonego Przylądka
55%
58Somalia
54%
68Wyspy Świętego Tomasza i Książęca
53%
32Laos
51%
63Tonga
51%
17Gwinea Równikowa
50%
26Komory
50%
18Gabon
49%
49Republika Środkowoafrykańska
49%
24Kambodża
48%
14Ekwador
47%
3Barbados
46%
66Wybrzeże Kości Słoniowej
46%
60Sudan Południowy
45%
33Lesotho
44%
37Mikronezja
44%
41Mozambik
44%
53Samoa
44%
8Burkina Faso
43%
64Trynidad i Tobago
43%
61Timor Wschodni
39%
52Salwador
34%
55Sierra Leone
33%

Rozkład punktacji

Percentyl według liczby udzielonych odpowiedzi

Procent ludzi z każdym wynikiem

Twoja historia wyników

Nie rozwiązałeś tego quizu od ostatniego zresetowania